000 00265nam a22001097a 4500
003 OSt
008 250128b |||||||| |||| 00| 0 eng d
041 _aeng
100 _aGite, LP
_95437
245 _aSourcing and Fertilizer Application Equipment of India
942 _cBK
999 _c19159
_d19159